Statistics for Multiples of 15 Quiz

Click here to take the quiz!

General Stats

  • This quiz has been taken 195 times
  • The average score is 24 of 25

Answer Stats

Answer% Correct
15
100%
30
100%
45
100%
60
100%
75
100%
90
100%
105
99%
120
99%
135
99%
150
99%
165
99%
180
99%
195
99%
210
99%
225
99%
240
96%
255
96%
270
96%
285
96%
315
96%
300
95%
330
95%
360
95%
345
94%
375
93%

Score Distribution

Percentile by Number Answered

Percent of People with Each Score

Your Score History

You have not taken this quiz